000 00856nam a22003137a 4500
001 BR7311025
003 BR-BrBNA
005 20230928084227.0
007 ta
008 230509b bl.||||| |||| 00| 0 por d
040 _aBR-BrBNA
_bpor
_cBiblioteca Nacional de Agricultura
041 _a(Por)
072 _aE15; L30
_b5213
090 _ 5213 BR7311025
100 1 _aVieira, C.A.
110 1 _aInstituto de Economia Agricola, Sao Paulo, SP (Brasil)
_96029
245 1 _aAnalise economica de engorda de bovinos de corte
260 3 _aSao Paulo, SP (Brasil):
_c1975.
300 _a41 p.
500 _a12 ref.; 17 tables
650 _aENGORDA
650 _aGADO DE CORTE
650 _aCONFINAMENTO
650 _aANALISE ECONOMICA
650 _aINSUMO
650 _aCUSTO DE PRODUCAO
909 _a202309
_bLucia
_c55
_dLucia Elande
942 _cBK
999 _c17561
_d17561